000 01001nam a2200241Ii 4500
003 JO-AjNU
005 20240110123618.0
008 230605s9999||||xx |||||||||||||| ||und||
017 _a2004/4069
020 _a977-5160-012-5
040 _aJO-AjNU
_bara
_erda
_cJO-AjNU
041 _aara
050 1 4 _aHF5548.32 .H5422.2004
100 3 _aحجازي،عبد الفتاح بيومي,
_eauthor
_932221
245 0 0 _aمقدمة في التجارة الالكترونية العربية الكتاب الاول: شرح قانون المبادلات والتجارة الالكتروني التونسي
264 3 1 _aالاسكندرية: دار الفكر الجامعي؛2004
300 _a338ص
_bيحتوي على ببلوغرافية من ص331-338ص
336 _atext
_btxt
_2rdacontent
337 _aunmediated
_bn
_2rdamedia
338 _avolume
_bnc
_2rdacarrier
650 4 _aالتجارة الالكترونية - التجارة الالكتروني التونسي
_932222
942 _2lcc
_cBK
999 _c16549
_d16549